Jessica Chastain Movies - Sudden Death - Statistics

General Stats
  • This quiz has been taken 45 times
  • The average score is 6 of 13
Answers on the Grid
Answers color-coded by a green-red scale on the quiz's grid according to % correct below.
A Most Violent Year
The Help
She Said
Happiest Season
Erin Brockovich
Sherlock Holmes: A Game of Shadows
North Country
Molly’s Game
Being the Ricardos
The Tree of Life
Lawless
The Power of the Dog
Suffragette
Take Shelter
Rachel Getting Married
Avengers: Endgame
Lady Bird
Crimson Peak
Arrival
Babel
The Wolf of Wall Street
The Martian
Judy
Miss Sloane
Anna Karenina
Zero Dark Thirty
Lucy
Hustlers
Nyad
Woman Walks Ahead
The Huntsman: Winter’s War
The 355
 
Answer Stats
Answer % Correct
The Help
85%
Molly’s Game
64%
The Martian
58%
The Tree of Life
55%
Zero Dark Thirty
55%
A Most Violent Year
45%
Crimson Peak
39%
Lawless
39%
Take Shelter
36%
The Huntsman: Winter’s War
36%
Miss Sloane
33%
The 355
30%
Woman Walks Ahead
18%
No matching quizzes found
Score Distribution
Percent of People with Each Score
Percentile by Number Answered
Your Score History
You have not taken this quiz